No Enchanted Palace : (Record no. 111659)

MARC details
000 -LEADER
campo de control de longitud fija 01676nam a2200325Mu 4500
001 - NÚMERO DE CONTROL
campo de control 85082
005 - FECHA Y HORA DE LA ÚLTIMA TRANSACCIÓN
campo de control 20230411090043.0
006 - CÓDIGOS DE INFORMACIÓN DE LONGITUD FIJA--CARACTERÍSTICAS DEL MATERIAL ADICIONAL
campo de control de longitud fija m d
007 - CAMPO FIJO DE DESCRIPCIÓN FÍSICA--INFORMACIÓN GENERAL
campo de control de longitud fija cr mn|---|||||
008 - DATOS DE LONGITUD FIJA--INFORMACIÓN GENERAL
campo de control de longitud fija 100212s2009 nju s 000 0 eng d
035 ## - NÚMERO DE CONTROL DEL SISTEMA
Número de control de sistema (OCoLC)ocn536418947
040 ## - FUENTE DE CATALOGACIÓN
Centro catalogador/agencia de origen MERUC
Centro/agencia transcriptor MERUC
020 ## - NÚMERO INTERNACIONAL ESTÁNDAR DEL LIBRO
Número Internacional Estándar del Libro 9780691135212 (electronic bk.)
020 ## - NÚMERO INTERNACIONAL ESTÁNDAR DEL LIBRO
Número Internacional Estándar del Libro 0691135215 (electronic bk.)
035 ## - NÚMERO DE CONTROL DEL SISTEMA
Número de control de sistema (OCoLC)536418947
049 ## - FONDOS LOCALES (OCLC)
Biblioteca depositaria GRAL
100 1# - ENTRADA PRINCIPAL--NOMBRE DE PERSONA
Nombre de persona Mazower, Mark.
245 10 - MENCIÓN DEL TÍTULO
Título No Enchanted Palace :
Resto del título The End of Empire and the Ideological Origins of the United Nations.
Medio [electronic resource].
260 ## - PUBLICACIÓN, DISTRIBUCIÓN, ETC.
Lugar de publicación, distribución, etc. Princeton :
Nombre del editor, distribuidor, etc. Princeton University Press,
Fecha de publicación, distribución, etc. 2009.
300 ## - DESCRIPCIÓN FÍSICA
Extensión 246 p.
520 ## - RESUMEN, ETC.
Sumario, etc. No Enchanted Palace traces the origins and early development of the United Nations, one of the most influential yet perhaps least understood organizations active in the world today. Acclaimed historian Mark Mazower forces us to set aside the popular myth that the UN miraculously rose from the ashes of World War II as the guardian of a new and peaceful global order, offering instead a strikingly original interpretation of the UN's ideological roots, early history, and changing role in world affairs. Mazower brings the founding of the UN brilliantly to life. He shows how the UN's creators envisi.
533 ## - NOTA DE REPRODUCCIÓN
Tipo de reproducción Electronic reproduction.
Nota sobre la reproducción Available via World Wide Web.
538 ## - NOTA DE DETALLES DEL SISTEMA
Nota de detalles del sistema Mode of access: World Wide Web.
655 #7 - TERMINO DE INDIZACIÓN--GENERO/FORMA
Datos o término principal de género/forma Electronic books.
Fuente del término lcsh
710 2# - ENTRADA AGREGADA--NOMBRE DE ENTIDAD CORPORATIVA
Nombre de entidad corporativa o nombre de jurisdicción como elemento de entrada Ebooks Corporation.
856 40 - LOCALIZACIÓN Y ACCESO ELECTRÓNICOS
Nota pública Click here to view book
Identificador Uniforme de Recursos <a href="http://www.UCM.eblib.com/EBLWeb/patron?target=patron&extendedid=P_483570_0&">http://www.UCM.eblib.com/EBLWeb/patron?target=patron&extendedid=P_483570_0&</a>
942 ## - ELEMENTOS DE ENTRADA SECUNDARIOS (KOHA)
Fuente del sistema de clasificación o colocación Clasificación de Library of Congress
Tipo de ítem Koha
994 ## -
-- C0
-- DRFGD
946 ## - PROCESAMIENTO DE INFORMACIÓN LOCAL (OCLC)
a lmm
Holdings
Estatus retirado Estado de pérdida Fuente del sistema de clasificación o colocación Estado de daño No para préstamo Colección Biblioteca de origen Biblioteca actual Ubicación en estantería Fecha de adquisición Código de barras Visto por última vez Copia número Tipo de ítem Koha
    Clasificación de Library of Congress     Automatización y Procesos Técnicos Biblioteca Juan Bosch Biblioteca Juan Bosch Automatización y Procesos Técnicos (1er. Piso) 11/04/2023 00000076879 17/02/2019 1